000 00611nam a2200241 i 4500
001 C2-0328517
003 PPAK
005 20180728125835.0
008 140818s2013 my |||| ||||| | eng d
020 _a9789833221431
040 _aPPAK
_beng
_cPPAK
_erda
082 0 4 _a823
_223
090 0 0 _a823
_bISA
_dG
100 0 _aIsa Kamari,
_eauthor
245 1 0 _aRawa
264 1 _aKuala Lumpur :
_bSilverfish Books ,
_c2013
300 _a172 pages ;
_c21 cm
336 _2rdacontent
_atext
337 _2rdamedia
_aunmediated
338 _2rdacarrier
_avolume
650 1 0 _aEnglish fiction.
942 _ddc
_cB
999 _c127897
_d127897